Historia de las Naciones Bascas de una y otra parte del Pirineo Septentrional y costas del Mar Cantabrico, desde sus primeros pobladores, hasta nuestros dias, con la descripcion, caracter, fueros, usos, costumbres y leyes de cada uno de los estados Bascos que hoy existen (Record no. 168112)

MARC details
000 -LEADER
campo de control de longitud fija 01031nam a22002175i 4500
001 - NÚMERO DE CONTROL
campo de control 168112
003 - IDENTIFICADOR DE NÚMERO DE CONTROL
campo de control ES-MaACL
005 - FECHA Y HORA DE LA ÚLTIMA TRANSACCIÓN
campo de control 20230906213708.0
008 - DATOS DE LONGITUD FIJA--INFORMACIÓN GENERAL
campo de control de longitud fija 960321s1818 fr |||| | spa d
040 ## - FUENTE DE CATALOGACIÓN
Centro catalogador/agencia de origen EUS
Lengua de catalogación spa
Centro/agencia transcriptor EUS
080 ## - NÚMERO DE LA CLASIFICACIÓN DECIMAL UNIVERSAL
Número de la Clasificación Decimal Universal 946.015
100 1# - ENTRADA PRINCIPAL--NOMBRE DE PERSONA
Nombre de persona Zamacola, Juan Antonio de.
9 (RLIN) 134012
245 10 - MENCIÓN DEL TÍTULO
Título Historia de las Naciones Bascas de una y otra parte del Pirineo Septentrional y costas del Mar Cantabrico, desde sus primeros pobladores, hasta nuestros dias, con la descripcion, caracter, fueros, usos, costumbres y leyes de cada uno de los estados Bascos que hoy existen
Resto del título : dividida en varias épocas /
Mención de responsabilidad, etc. escrita en español por J. A. de Zamacola.
260 ## - PUBLICACIÓN, DISTRIBUCIÓN, ETC.
Lugar de publicación, distribución, etc. Auch :
Nombre del editor, distribuidor, etc. [s.n.],
Fecha de publicación, distribución, etc. 1818 (
Fabricante en la imprenta de la Viuda de Duprat...)
300 ## - DESCRIPCIÓN FÍSICA
Extensión 3 v. ;
Dimensiones 22 cm.
597 ## - NOTA DE DESCRIPCIÓN FÍSICA
NOTA DE DESCRIPCIÓN FÍSICA Vol. I (276 p.) -- vol. II (346, [2] p.)
651 #4 - PUNTO DE ACCESO ADICIONAL DE MATERIA--NOMBRE GEOGRÁFICO
Nombre geográfico País Vasco-
Subdivisión general Historia.
9 (RLIN) 9152
651 #4 - PUNTO DE ACCESO ADICIONAL DE MATERIA--NOMBRE GEOGRÁFICO
Nombre geográfico País Vasco-
Subdivisión general Usos y costumbres.
9 (RLIN) 9162
752 ## - ENTRADA AGREGADA--NOMBRE JERÁRQUICO DEL LUGAR
País o entidad superior Francia -
Ciudad Auch
852 ## - LOCALIZACIÓN
Ubicación ES-MaACL
Número de control de estantería G-7920-7921
Nota libre -- Enc. pasta
condición física -- Falto del t.I
Holdings
Estatus retirado Estado de pérdida Estado de daño No para préstamo Colección Biblioteca de origen Biblioteca actual Ubicación en estantería Fecha de adquisición Fuente de adquisición Total de préstamos Signatura topográfica completa Código de barras Visto por última vez Precio de reemplazo Tipo de ítem Koha
        Libros del s. XIX Biblioteca del Ateneo de Madrid Biblioteca del Ateneo de Madrid Sala Pecera Planta 3 17/01/2008     G-7920-7921 1176392 23/02/2023 23/02/2023 Libro impreso antiguo